Cash flow analysis (Record no. 174274)

MARC details
000 -LEADER
fixed length control field 00932cgm a2200241 4500
001 - CONTROL NUMBER
control field vtls001295060
003 - CONTROL NUMBER IDENTIFIER
control field MY-SjTCS
005 - DATE AND TIME OF LATEST TRANSACTION
control field 20191213143609.0
007 - PHYSICAL DESCRIPTION FIXED FIELD--GENERAL INFORMATION
fixed length control field vf baafou
008 - FIXED-LENGTH DATA ELEMENTS--GENERAL INFORMATION
fixed length control field 990508q19uu mou025 0v eng
020 ## - INTERNATIONAL STANDARD BOOK NUMBER
International Standard Book Number No ISBN
039 #9 - LEVEL OF BIBLIOGRAPHIC CONTROL AND CODING DETAIL [OBSOLETE]
Level of rules in bibliographic description 201906191519
Level of effort used to assign nonsubject heading access points dianafitri
Level of effort used to assign subject headings 201209051519
Level of effort used to assign classification izani
-- 200407271851
-- VLOAD
082 04 - DEWEY DECIMAL CLASSIFICATION NUMBER
Classification number 657.48
Item number CAS
245 00 - TITLE STATEMENT
Title Cash flow analysis
Medium [videorecording] :
Remainder of title module 1 : introduction and accounting review
260 ## - PUBLICATION, DISTRIBUTION, ETC.
Place of publication, distribution, etc. St. Louis, Mo. :
Name of publisher, distributor, etc. Bankers Training & Consulting Co.,
Date of publication, distribution, etc. [199_?]
300 ## - PHYSICAL DESCRIPTION
Extent 1 videocassette (25 min.)
500 ## - GENERAL NOTE
General note Catalogue no. 2001
525 ## - SUPPLEMENT NOTE
Supplement note Accompanied by : Cash flow analysis : module 1 : introduction and accounting review : [workbook and reference manual] (52 p. ; 30 cm.), [199-?]
650 #0 - SUBJECT ADDED ENTRY--TOPICAL TERM
Topical term or geographic name entry element Accrual basis accounting.
9 (RLIN) 7264
650 #0 - SUBJECT ADDED ENTRY--TOPICAL TERM
Topical term or geographic name entry element Cash flow.
710 2# - ADDED ENTRY--CORPORATE NAME
Corporate name or jurisdiction name as entry element Bankers Training & Consulting Company.
9 (RLIN) 92231
920 ## - Programme
Programme AVEI VC254, 500500
Holdings
Withdrawn status Lost status Source of classification or shelving scheme Damaged status Not for loan Home library Current library Date acquired Total Checkouts Barcode Date last seen Date last checked out Copy number Koha item type Public note Serial Enumeration / chronology
Withdrawn   Dewey Decimal Classification     Taylor's Library-TU Taylor's Library-TU 27/07/2004   1000030295 12/12/2019 02/02/2010 1 Media Resources TBSxx,08010,02,GR  
Withdrawn   Dewey Decimal Classification     Taylor's Library-TU Taylor's Library-TU 27/07/2004   5000187518 12/12/2019 15/12/2008 1 Teaching Resource SLASx,05000,03,GR LC_WBK & REF.MANUAL